Disney Renaissance Movies - Statistics

General Stats
  • This quiz has been taken 15 times
  • The average score is 10 of 16
Answer Stats
Year Movie % Correct
1998 Mulan
100%
1991 Beauty and the Beast
92%
1989 The Little Mermaid
92%
1992 Aladdin
83%
1997 Hercules
83%
1995 Pocahontas
83%
1994 The Lion King
83%
1999 Tarzan
75%
1990 The Rescuers Down Under
67%
1996 The Hunchback of Notre Dame
58%
1999 Fantasia 2000
42%
2002 Lilo & Stitch
42%
2000 The Emperor's New Groove
42%
2001 Atlantis: The Lost Empire
33%
2000 Dinosaur
33%
2002 Treasure Planet
33%
No matching quizzes found
Score Distribution
Percent of People with Each Score
Percentile by Number Answered
Your Score History
You have not taken this quiz